000 00615nam a2200229Ia 4500
003 OSt
005 20221007072126.0
006 a|||||r|||| 00| 0
007 ta
008 221006b |||||||| |||| 00| 0 eng d
024 _a19,171
037 _cTextual
040 _aFLL
_cFLL
_beng
041 _2eng
_aeng
082 _aZ:5112y773:N58, J9
100 _aDavidson I.D. Au.
_9690108
245 0 _aJury is still out
260 _aLondon
_bPeter davies England
_c1959
300 _a303p
_ccm.
942 _hZ:5112y773:N58, J9
_cTEXL
_2CC
999 _c1145259
_d1145259